Delirio / (Registro nro. 10484)
[ vista simple ]
| 000 -LIDER | |
|---|---|
| fixed length control field | 00647nam a22002297a 4500 |
| 003 - IDENTIFICACDOR DE NÚMERO DE CONTROL | |
| control field | DO-SdBNP |
| 005 - DATE AND TIME OF LATEST TRANSACTION | |
| control field | 20240708132439.0 |
| 008 - ELEMENTOS DE LONGITUD FIJA | |
| fixed length control field | 160622b2004 sp 00| 0 spa d |
| 020 ## - ISBN | |
| International Standard Book Number | 8420401757 |
| 040 ## - FUENTE DE CATALOGACIÓN | |
| Agencia que crea de manera original el registro | BPMSU |
| Idioma de catalogación | spa |
| Agencia que realiza la transcripción | BPMSU |
| 082 #4 - NÚMERO DE CLASIFICACIÓN DECIMAL DE DEWEY | |
| Classification number | Co863.44 |
| Item number | R436d 2004 |
| Edition number | 22 |
| 100 1# - ASIENTO PRINCIPAL -- NOMBRE PERSONAL | |
| Nombre personal | Restrepo, Laura |
| Fechas asociadas con el nombre | 1950- |
| 245 10 - MENCIÓN DE TITULO | |
| Título | Delirio / |
| Mención de responsabilidad | Laura Restrepo |
| 260 ## - PUBLICACIÓN, DISTRIBUCIÓN, ETC. (PIE DE IMPRENTA) | |
| Lugar de publicación, distribución, etc | Madrid : |
| Nombre del editor, distribuidor, etc. | Alfaguara, |
| Fecha de publicación, distribución, etc | 2004 |
| 300 ## - DESCRIPCIÓN FÍSICA | |
| Extensión | 342 p. ; |
| Dimensiones | 25 cm |
| 586 ## - AWARDS NOTE | |
| Awards note | Premio Alfaguara de Novela 2004 |
| 590 ## - NOTA LOCAL | |
| Texto de la nota local | Inventariado, 2024/VM |
| 650 #4 - ENCABEZAMIENTO DE MATERIA--TEMÁTICO | |
| Término temático o nombre geográfico como elemento de entrada | Novela colombiana |
| 650 #4 - ENCABEZAMIENTO DE MATERIA--TEMÁTICO | |
| Término temático o nombre geográfico como elemento de entrada | Literatura colombiana |
| 910 ## - VALIDACIÓN | |
| Validación | VMateo V. Control de calidad. BPMSU |
| 942 ## - ADDED ENTRY ELEMENTS (KOHA) | |
| Source of classification or shelving scheme | Dewey Decimal Classification |
| Koha item type | Libros |
| Withdrawn status | Lost status | Source of classification or shelving scheme | Damaged status | Not for loan | Collection code | Home library | Current library | Date acquired | Source of acquisition | Total Checkouts | Full call number | Barcode | Date last seen | Price effective from | Koha item type | Coded location qualifier | Copy number |
|---|---|---|---|---|---|---|---|---|---|---|---|---|---|---|---|---|---|
| Dewey Decimal Classification | Colección General | Biblioteca Pública Metropolitana Salomé Ureña | Biblioteca Pública Metropolitana Salomé Ureña | 06/22/2016 | Donación | BPMSU CG Co863.44 R436d 2004 | BPMSU16060315 | 06/22/2016 | 06/22/2016 | Libros | |||||||
| Dewey Decimal Classification | Colección General | Biblioteca Pública Metropolitana Salomé Ureña | Biblioteca Pública Metropolitana Salomé Ureña | 06/22/2016 | Donación | BPMSU CG Co863.44 R436d 2004 | BPMSU16060316 | 06/22/2016 | 06/22/2016 | Libros | e.3 | ||||||
| Dewey Decimal Classification | Colección General | Biblioteca Pública Metropolitana Salomé Ureña | Biblioteca Pública Metropolitana Salomé Ureña | 06/22/2016 | Donación | BPMSU CG Co863.44 R436d 2004 | BPMSU16060317 | 06/22/2016 | 06/22/2016 | Libros | e.2 |